|
|
|
|
| LEADER |
01247nam a2200325 a 4500 |
| 001 |
17633 |
| 003 |
BD-DhAAL |
| 005 |
20140508121328.0 |
| 008 |
140508s1989 nyu b 001 0 eng d |
| 010 |
|
|
|a 95156990
|
| 020 |
|
|
|a 034536256X (pbk.)
|
| 040 |
|
|
|a DLC
|c DLC
|d BD-DhAAL
|
| 041 |
|
|
|a eng
|
| 050 |
0 |
0 |
|a CT3203
|b .H44 1989
|
| 082 |
0 |
0 |
|a 920.72
|2 20
|
| 100 |
1 |
|
|a Heilbrun, Carolyn G.,
|d 1926-2003.
|9 4452
|
| 245 |
1 |
0 |
|a Writing a woman's life /
|c Carolyn G. Heilbrun.
|
| 250 |
|
|
|a 1st Ballantine Books ed.
|
| 260 |
|
|
|a New York :
|b Ballantine Books,
|c c1989.
|
| 300 |
|
|
|a 144 p. ;
|c 21 cm.
|
| 504 |
|
|
|a Includes bibliographical references (p. [133]-138) and index.
|
| 541 |
|
|
|e 17633
|
| 650 |
|
0 |
|a Women
|x Biography
|x History and criticism.
|9 4453
|
| 650 |
|
0 |
|a Biography as a literary form.
|9 4454
|
| 650 |
|
0 |
|a Autobiography
|x Women authors.
|9 4455
|
| 650 |
|
0 |
|a Women
|x Biography
|x Authorship.
|9 4456
|
| 650 |
|
0 |
|a Women and literature.
|9 4457
|
| 942 |
|
|
|2 ddc
|c BK
|
| 999 |
|
|
|c 14332
|d 14332
|
| 952 |
|
|
|0 0
|1 0
|2 ddc
|4 1
|6 920_720000000000000_HEI
|7 0
|9 24301
|a ENH
|b ENH
|c GEN
|d 2014-05-08
|l 0
|o 920.72 HEI
|p 3010017633
|r 2014-05-08
|t 1
|w 2014-05-08
|y BK
|x Departmental-issued damaged books were found in the ENH department for the reason of termites eaten in 2016
|